Statistiken für Alle Stadtbahn-Stationen in Dortmund

Klicken Sie hier um das Quiz zu spielen!

Allgemein

  • Dieses Quiz wurde 169 mal gespielt
    (31 seit der letzten Aktualisierung)
  • Das Durchschnittsergebnis liegt bei 53 aus 155

Antwortstatistiken

LinieStation% Korrekt
U41 | U45 | U47 | U49Hauptbahnhof
93%
U47Aplerbeck
75%
U41 | U43 | U44 | +3 othersKampstrasse
75%
U42 | U46Stadtgarten
75%
U41 | U45 | U47 | U49Stadtgarten/Theater
75%
U45Stadion
71%
U41 | U45 | U47 | U49Stadthaus
71%
U41Hörde
64%
U45 | U46Westfalenhallen
64%
U49Hacheney/Zoo
61%
U41 | U45 | U47 | U49Markgrafenstrasse
61%
U42 | U43 | U44 | U46Reinoldikirche/Konzerthaus
61%
U43Ostentor
57%
U41 | U47Märkische Strasse
54%
U42Möllerbrücke
54%
U43 | U44Westentor
54%
U45 | U49Westfalenpark
54%
U42Grevel
50%
U47Hafen
50%
U47Hauptfriedhof
50%
U49Rombergpark
50%
U47Westerfilde
46%
U43Wickede
46%
U42Barop Parkhaus
43%
U42Städtische Kliniken
43%
U47Voßkuhle
43%
U47Allerstrasse/LWL-Klinik
39%
U41Brechten Zentrum
39%
U47Schützenstrasse
39%
U43Asseln Aplerbecker Strasse
36%
U41Clarenberg
36%
U41Fredenbaum
36%
U41 | U47Leopoldstrasse
36%
U42Schulte-Rödding
36%
U42Theodor-Fliedner-Heim
36%
U43 | U44Unionstrasse
36%
U43Brackel Kirche
32%
U42Hombruch Hallenbad
32%
U47Max-Eyth-Strasse
32%
U45Remydamm
32%
U46Saarlandstrasse
32%
U42 | U46Brunnenstrasse
29%
U43 | U44Dorstfeld Betriebshof
29%
U41Karl-Liebknecht-Strasse
29%
U42An der Palmweide
25%
U44Borsigplatz
25%
U47Huckarde Bushof
25%
U41Immermannstrasse/Klinikzentrum Nord
25%
U43Knappschaftskrankenhaus
25%
U47Kohlgartenstrasse
25%
U42Kreuzstrasse
25%
U43Lippestrasse
25%
U44Marten-Süd
25%
U43 | U44Ofenstrasse
25%
U47Schürbankstrasse
25%
U47Stadtkrone Ost
25%
U41Brambauer Krankenhaus
21%
U41Brambauer Verkehrshof
21%
U42 | U46Brügmannplatz
21%
U43Funkenburg
21%
U41Grävingholz
21%
U42Harkortstrasse
21%
U41Münsterstrasse
21%
U43 | U44Ottostrasse
21%
U46Polizeipräsidium
21%
U43Rüschebrinkstrasse
21%
U43Von-Der-Tann-Strasse
21%
U41Zeche Minister Stein
21%
U43Berliner Strasse
18%
U43Eichwaldstrasse
18%
U44Geschwister-Scholl-Strasse
18%
U42Grotenbachstrasse
18%
U43 | U44Heinrichstrasse
18%
U41Lortzingstrasse
18%
U44Poth
18%
U42Scharnhorst Zentrum
18%
U43 | U44Wittener Strasse
18%
U43Zugstrasse
18%
U42Am Beilstück
14%
U43Dollersweg
14%
U42Eierkampstrasse
14%
U42Glückaufstrasse
14%
U41Güterstraße
14%
U47Huckarde Abzweig
14%
U42Kirchderne
14%
U41Maienweg
14%
U47Obernette
14%
U47Parsevalstrasse
14%
U43Pothecke
14%
U47Westendorfstrasse
14%
U41Wilhelm-Van-Vloten-Strasse
14%
U41Wittichstrasse
14%
U43Am Hagedorn
11%
U41Amtsstrasse
11%
U43Am Zehnthof
11%
U43Bockumweg
11%
U47Buschstrasse
11%
U42Eisenstrasse
11%
U41Externberg
11%
U42Franz-Zimmer-Siedlung
11%
U47Lübkestrasse
11%
U41Oetringhauser Strasse
11%
U43Ruckebierstrasse
11%
U41Waldesruh
11%
U44Westfalenhütten
11%
U42Bauernkamp
7%
U43Brackel Verwaltungsstelle
7%
U42Burgholz
7%
U43Businkstrasse
7%
U43Döringhoff
7%
U44Enscheder Strasse
7%
U42Flughafenstrasse
7%
U41Herrentheystrasse
7%
U43In den Börten
7%
U47Insterburger Strasse
7%
U43Oberdorfstrasse
7%
U42An den Teichen
4%
U44Walbertstrass/Schulmuseum
4%
U43Wickede-Post
4%
U44Auf dem Brümmer
0%
U42Gleiwitzstrasse
0%

Verteilung der Resultate

Perzentil nach korrekt beantworteten Fragen

Anzahl Personen mit jedem Resultat

Ihre Resultats-Entwicklung

Sie haben dieses Quiz seit der letzten Aktualisierung nicht gespielt